000 00626nam a2200229 i 4500
001 C2-0293161
003 PPAK
005 20180728025105.0
008 090119s2009 my |||| ||||| | may d
020 _a9789833171705
040 _aPPAK
_beng
_cPPAK
_erda
082 0 4 _a297.61
_223
090 0 0 _a297.61
_bKEC
_dG
245 0 0 _aKecendiakawanan Imam Bukhari
264 1 _aKuala Lumpur :
_bProgressive Publishing House ,
_c2009
300 _a248 pages ;
_c19 cm
336 _2rdacontent
_atext
337 _2rdamedia
_aunmediated
338 _2rdacarrier
_avolume
650 1 0 _aScholars, Muslim - Biography
942 _ddc
_cB
999 _c97946
_d97946